Teoría y problemas de microeconomía

Gespeichert in:
Bibliographische Detailangaben
1. Verfasser: Salvatore, Dominick (VerfasserIn)
Format: Buch
Sprache:Spanisch
Veröffentlicht: Ciudad de México McGraw-Hill 1986
Ausgabe:2a. ed
Schriftenreihe:Compendios Schaum
Schlagworte:
Tags: Tag hinzufügen
Keine Tags, Fügen Sie den ersten Tag hinzu!

MARC

LEADER 00000nam a2200000 a 4500
001 UCR4451
003 CL-VaPUC
008 980307e19860000MX |||||||||||||||||spa|d
082 0 4 |a 338.5  |b SAL  |2 21 
100 0 |a Salvatore, Dominick  |e author  |9 404601 
245 1 0 |a Teoría y problemas de microeconomía 
250 |a 2a. ed 
300 |a 344 p 
942 |c BK 
945 |d 19980307 00:00:00  |a aolguin 
260 |a Ciudad de México  |b McGraw-Hill  |c 1986 
650 0 |a Microeconomía  |9 258126 
650 0 |a Oferta y demanda  |9 255571 
650 0 |a Equilibrio económico   |9 322667 
650 0 |a Consumidores  |9 315658 
650 7 |a TEORIA DE LA DEMANDA  |2 CL-VaPUC  |9 404602 
650 0 |a Producción   |9 263680 
650 0 |a Costos   |9 261063 
650 0 |a Precios   |9 260787 
650 0 |a Competencia  |9 269688 
650 0 |a Monopolios  |9 255549 
650 7 |a OLIGOPOLIO  |2 CL-VaPUC  |9 375809 
650 0 |a Economía del bienestar  |9 404603 
583 |a last modification  |c 19980307 00:00:00  |k Rodrigo Vera 
490 0 |a Compendios Schaum 
999 |c 267393  |d 267391 
952 |0 0  |1 0  |4 0  |6 338_500000000000000_SAL_1986  |7 0  |8 A  |9 299685  |a BIBGIM  |b BIBGIM  |d 2019-11-20  |i 1956957  |o 338.5 SAL 1986  |p 1956957  |r 2025-01-15  |w 2019-11-20  |y BK  |k COM